Burzián, ekonóm, vedec - David Ricardo
Filozofia a činnosť burzového makléra a ekonóma D. Ricarda. Modernizátor Smithovej politickej ekonómie. "Zásady politickej ekonómie a zdanenia" -prevratné dielo ekonomických dejín. Objaviteľ zákona komparatívnych výhod. Teória pozemkovej renty. Diskutovaná teória hodnoty. Postoj D. Ricarda k daniam...
Saved in:
| Main Author: | |
|---|---|
| Format: | Book Chapter |
| Language: | Slovak |
| Subjects: | |
| Tags: |
No Tags, Be the first to tag this record!
|
MARC
| LEADER | 00000naa$a2200000$$$4500 | ||
|---|---|---|---|
| 001 | 0024250 | ||
| 005 | 20231009070236.1 | ||
| 041 | 0 | |a slo | |
| 044 | |a SK | ||
| 245 | 1 | 0 | |a Burzián, ekonóm, vedec - David Ricardo |c Ján Poliak |
| 520 | |a Filozofia a činnosť burzového makléra a ekonóma D. Ricarda. Modernizátor Smithovej politickej ekonómie. "Zásady politickej ekonómie a zdanenia" -prevratné dielo ekonomických dejín. Objaviteľ zákona komparatívnych výhod. Teória pozemkovej renty. Diskutovaná teória hodnoty. Postoj D. Ricarda k daniam. | ||
| 610 | 2 | 0 | |a ekonómovia |
| 610 | 2 | 0 | |a teórie ekonomické |
| 610 | 2 | 0 | |a výhody komparatívne |
| 610 | 2 | 0 | |a teória hodnoty |
| 610 | 2 | 0 | |a kapitál fixný |
| 610 | 2 | 0 | |a mzdy |
| 610 | 2 | 0 | |a zisk |
| 610 | 2 | 0 | |a renta pozemková |
| 610 | 2 | 0 | |a dane |
| 610 | 2 | 0 | |a Ricardo, D. |
| 100 | 1 | |a Poliak, Ján | |